Analýza zoskupení bodov v regulačných diagramoch

Podniky musia byť schopné produkovať produkty s prijateľnou variabilitou sledovaných ukazovateľov kvality. Nástroje štatistickej regulácie procesu umožňujú udržiavať stabilitu procesu a zlepšovať jeho spôsobilosť prostredníctvom redukcie variability. Jedným z nástrojov štatistickej regulácie procesu...

Descrizione completa

Salvato in:
Dettagli Bibliografici
Autore principale: Hrnčiarová, Ľubica
Altri autori: Terek, Milan
Natura: Capitolo di libro
Lingua:slovacco
Soggetti:
Tags: Aggiungi Tag
Nessun Tag, puoi essere il primo ad aggiungerne!!

MARC

LEADER 00000naa$a2200000$$$4500
001 0040496
005 20240502071508.3
041 0 |a slo 
044 |a SK 
245 1 0 |a Analýza zoskupení bodov v regulačných diagramoch  |c Ľubica Hrnčiarová, Milan Terek 
520 |a Podniky musia byť schopné produkovať produkty s prijateľnou variabilitou sledovaných ukazovateľov kvality. Nástroje štatistickej regulácie procesu umožňujú udržiavať stabilitu procesu a zlepšovať jeho spôsobilosť prostredníctvom redukcie variability. Jedným z nástrojov štatistickej regulácie procesu sú regulačné diagramy. Zoskupenia bodov v regulačných diagramoch. 
610 2 0 |a diagramy regulačné 
610 2 0 |a podnik 
610 2 0 |a ukazovatele kvalitatívne 
100 1 |a Hrnčiarová, Ľubica 
700 1 |a Terek, Milan